Lineární popis a hodnocení vybraných morfologických znaků působících na dlouhovýkonnost prasat : metodika /

Hlavní autor: Matoušek, Václav, 1944-
Další autoři: Kernerová, Naděžda, 1961-, Václavovský, Jiří, 1947-
Jazyk: Čeština
Vydáno: České Budějovice : Jihočeská univerzita v Českých Budějovicích, Zemědělská fakulta, 2008
Témata:
Fyzický popis: 21 s. : il. (převážně barev.) ; 21 cm
Knihy
Uloženo v:
LEADER 01859nam a2200457 a 4500
001 nkc20091856234
003 CZ PrNK
005 20090427102447.0
007 ta
008 090213s2008 xr a e f 000 0 cze
015 |a cnb001856234 
020 |a 978-80-7394-139-0  |q (brož.) 
035 |a (OCoLC)320226404 
040 |a OLA001  |b cze  |d BOA001  |d ABA001 
072 7 |a 636  |x Chov zvířat. Živočišná výroba  |2 Konspekt  |9 24 
080 |a 636.4  |2 MRF 
080 |a 591.4  |2 MRF 
080 |a 636.082.2  |2 MRF 
080 |a (072)  |2 MRF 
100 1 |a Matoušek, Václav,  |d 1944-  |7 jo20010092717  |4 aut 
245 1 0 |a Lineární popis a hodnocení vybraných morfologických znaků působících na dlouhovýkonnost prasat :  |b metodika /  |c Václav Matoušek, Naděžda Kernerová, Jiří Václavovský ; technická spolupráce Jaroslava Pudivítrová 
260 |a České Budějovice :  |b Jihočeská univerzita v Českých Budějovicích, Zemědělská fakulta,  |c 2008 
300 |a 21 s. :  |b il. (převážně barev.) ;  |c 21 cm 
500 |a Na obálce uvedeno: V. Matoušek et al. 
500 |a 50 výt. 
504 |a Obsahuje bibliografii 
650 0 7 |a prasata  |7 ph115875  |2 czenas 
650 0 7 |a veterinární morfologie  |7 ph136494  |2 czenas 
650 0 7 |a šlechtění hospodářských zvířat  |7 ph127829  |2 czenas 
650 0 9 |a pigs  |2 eczenas 
650 0 9 |a veterinary morphology  |2 eczenas 
650 0 9 |a livestock breeding  |2 eczenas 
655 7 |a metodické příručky  |7 fd132826  |2 czenas 
655 9 |a methodological manuals  |2 eczenas 
700 1 |a Kernerová, Naděžda,  |d 1961-  |7 uzp2007368914  |4 aut 
700 1 |a Václavovský, Jiří,  |d 1947-  |7 uzp2007368915  |4 aut 
910 2 |a BOA001  |b 2-1219.511 
990 |a BK 
995 |a 01 
991 |b 200903  |c NOV 
996 6 |b 2610368245  |c 2-1219.511  |l MZK  |r Sklad / do 1 hodiny  |n 3  |p p.v.  |w 000930221  |u 000010  |a 1  |e BOA001  |j MZK50  |s P